| 000 | 00673cam a2200229 4500500 | ||
|---|---|---|---|
| 005 | 20260405004013.0 | ||
| 041 | _afre | ||
| 042 | _adc | ||
| 100 | 1 | 0 |
_aGarcia, Tristan _eauthor |
| 245 | 0 | 0 | _aPourvu que ça dure |
| 260 | _c2014. | ||
| 500 | _a66 | ||
| 690 | _aAstérix | ||
| 690 | _aBande dessinée | ||
| 690 | _aGoscinny | ||
| 690 | _aProgrès | ||
| 690 | _aTemps | ||
| 690 | _aTristan Garcia | ||
| 690 | _aUderzo | ||
| 786 | 0 | _nPhilosophie magazine - Hors séries | Hors-série Hiver 2014-2015 | HS24 | 2014-12-01 | p. 1-1 | 2104-9246 | |
| 856 | 4 | 1 | _uhttps://shs.cairn.info/magazine-philosophie-magazine-2014-hs24-page-1?lang=fr&redirect-ssocas=7080 |
| 999 |
_c2072837 _d2072837 |
||